00346nam a2200121Ia 450000500170000000800410001708200130005824500480007126000440011930000190016350000170018270000250019920250528033853.0240331s9999 xx 000 0 und d bNATa303 0a Yuddaye durvipaka Cost of War :bSri Lanka aColombobSri Lanka National Peacec1998 a31 p ., ( c 1) aThe evil eye aSama Mandalaya.eedt